000 00704nam a2200193 i 4500
001 186924
003 ES-MaACL
005 20250808022557.0
008 170301s1936 sp af |||| |dspa d
100 1 _aCabezas, Juan Antonio,
_d1900-1993
_933200
245 1 1 _a"Clarín", el provinciano universal /
_cpor Juan Antonio Cabezas.
260 _aMadrid :
_bEspasa-Calpe,
_c1936.
300 _a244 p.,[2] p, de lám. :
_bil. ;
_c18 cm.
490 1 _aVidas españolas e hispanoamericanas del siglo XIX ;
_v56
600 1 4 _aAlas, Leopoldo
_d1852-1901
_9226375
830 0 0 _aVidas españolas e hispanoamericanas del siglo XIX
_v56
_9192640
852 _aES-MaACL
_jC-23261
999 _c186924
_d186924